| 000 | 01091nam a22003137a 4500 | ||
|---|---|---|---|
| 005 | 2009101000240.0 | ||
| 008 | 091010t xxu||||| |||| 00| 0 eng d | ||
| 010 | _aENG-95119 | ||
| 020 |
_a0198063016 _c225.00 |
||
| 020 |
_a9780198063018 _c225.00 |
||
| 035 | _aEN-78652 | ||
| 037 | _bDBAD/PUB | ||
| 040 |
_aDPL _bENG |
||
| 082 | _a270.92 | ||
| 100 | _aMartensson, Ulrika | ||
| 245 |
_aTabari / _cUlrika Martensson |
||
| 260 |
_aNew Delhi _bOxford University Press _c2009 |
||
| 270 |
_aYMCA Library Building , Jai Shingh Road, _bNew Delhi _e110001 |
||
| 300 |
_a177p. _c22cm.(Pbk) |
||
| 490 | _aMakers of islamic civilization/edited by Farhan A. Nizami | ||
| 500 | _aIncludes index | ||
| 600 |
_aTabari, _d838? -923 |
||
| 650 |
_aIslam _xHistoriography |
||
| 650 |
_aIslam _xHistory |
||
| 650 | _aScholars, Muslim | ||
| 700 | _aFarhan A. Nizami | ||
| 942 |
_2ddc _cEN _mMAR _h270.92 |
||
| 999 |
_c30877 _d30877 |
||